Prowincje Kanady - Statystyki

Ogólne statystyki
  • Ten quiz został rozwiązany 227 razy
  • Średni wynik to 6 z 10
Statystyki odpowiedzi
Prowincja % Poprawnych
Quebec
83%
Ontario
67%
Alberta
66%
Kolumbia Brytyjska
66%
Nowa Szkocja
60%
Nowa Fundlandia i Labrador
51%
Wyspa Księcia Edwarda
46%
Saskatchewan
44%
Nowy Brunszwik
43%
Manitoba
41%
Nie znaleziono quizów pasujących do podanych kryteriów
Rozkład punktacji
Procent ludzi z każdym wynikiem
Percentyl według liczby udzielonych odpowiedzi
Twoja historia wyników
Nie rozwiązałeś tego quizu